000 00237 a2200097 4500
001 39960
100 _aHilderbrand F B
245 _aIntroduction to Numerical Analysis
260 _aNew Dehli
_bTata McGraw Hill
_c
090 _c24950
_d24950
942 _aNUST-CAE
_cM
_c16614
999 _c275033
_d275033